Intento de un diccionario biográfico y bibliográfico de autores de la provincia de Burgos / (Record no. 151496)

MARC details
000 -LEADER
campo de control de longitud fija 00967nam a2200229 i 4500
001 - NÚMERO DE CONTROL
campo de control 151496
003 - IDENTIFICADOR DE NÚMERO DE CONTROL
campo de control ES-MaACL
005 - FECHA Y HORA DE LA ÚLTIMA TRANSACCIÓN
campo de control 20230906204227.0
008 - DATOS DE LONGITUD FIJA--INFORMACIÓN GENERAL
campo de control de longitud fija 940301s1889 sp d |||| |cspa d
040 ## - FUENTE DE CATALOGACIÓN
Centro catalogador/agencia de origen AS
Lengua de catalogación spa
080 ## - NÚMERO DE LA CLASIFICACIÓN DECIMAL UNIVERSAL
Número de la Clasificación Decimal Universal 013(460.182)
080 ## - NÚMERO DE LA CLASIFICACIÓN DECIMAL UNIVERSAL
Número de la Clasificación Decimal Universal 929(460.182)
100 1# - ENTRADA PRINCIPAL--NOMBRE DE PERSONA
Nombre de persona Martínez Añíbarro y Rives, Manuel.
9 (RLIN) 77861
245 10 - MENCIÓN DEL TÍTULO
Título Intento de un diccionario biográfico y bibliográfico de autores de la provincia de Burgos /
Mención de responsabilidad, etc. escrito por Manuel Martínez Añibarro y Rives.
260 ## - PUBLICACIÓN, DISTRIBUCIÓN, ETC.
Lugar de publicación, distribución, etc. Madrid :
Nombre del editor, distribuidor, etc. [s.n.],
Fecha de publicación, distribución, etc. 1889 (
Fabricante Imp. y Fundición de Manuel Tello)
300 ## - DESCRIPCIÓN FÍSICA
Extensión 570 p. ;
Dimensiones 27 cm.
500 ## - NOTA GENERAL
Nota general En port.: Obra premiada por la Biblioteca Nacional en el concurso público de 1887 e impresa á expensas del Estado.
500 ## - NOTA GENERAL
Nota general Índice.
650 04 - PUNTO DE ACCESO ADICIONAL DE MATERIA--TÉRMINO DE MATERIA
Término de materia o nombre geográfico como elemento de entrada Escritores españoles-
Subdivisión geográfica Burgos (Provincia)-
Subdivisión de forma Biobibliografías.
9 (RLIN) 12385
650 #4 - PUNTO DE ACCESO ADICIONAL DE MATERIA--TÉRMINO DE MATERIA
Término de materia o nombre geográfico como elemento de entrada Literatura española-
Subdivisión geográfica Burgos (Provincia)
9 (RLIN) 155212
852 ## - LOCALIZACIÓN
Ubicación ES-MaACL
Número de control de estantería B-3408
Nota libre -- Enc. pasta española
Holdings
Estatus retirado Estado de pérdida Estado de daño No para préstamo Colección Biblioteca de origen Biblioteca actual Ubicación en estantería Fecha de adquisición Fuente de adquisición Total de préstamos Signatura topográfica completa Código de barras Visto por última vez Precio de reemplazo Tipo de ítem Koha
        Colección de referencia Biblioteca del Ateneo de Madrid Biblioteca del Ateneo de Madrid Sala Pardo Bazán 17/01/2008     B-3408 1158069 23/02/2023 23/02/2023 Libro impreso antiguo